<?xml version="1.0" encoding="UTF-8"?>
<marc:record xmlns:marc="http://www.loc.gov/MARC21/slim">
   <marc:leader>00000nam a2200000 a 4500</marc:leader>
   <marc:datafield ind1="1" ind2=" " tag="100">
      <marc:subfield code="a">Kirschner, Sabrina J.</marc:subfield>
      <marc:subfield code="4">aut</marc:subfield>
      <marc:subfield code="e">Verfasser/-in</marc:subfield>
   </marc:datafield>
   <marc:datafield ind1=" " ind2=" " tag="653">
      <marc:subfield code="a">Mädchen</marc:subfield>
   </marc:datafield>
   <marc:datafield ind1=" " ind2=" " tag="653">
      <marc:subfield code="a">Lesestufe 2</marc:subfield>
   </marc:datafield>
   <marc:datafield ind1=" " ind2=" " tag="653">
      <marc:subfield code="a">Junge</marc:subfield>
   </marc:datafield>
   <marc:datafield ind1=" " ind2=" " tag="653">
      <marc:subfield code="a">Schüler</marc:subfield>
   </marc:datafield>
   <marc:datafield ind1=" " ind2=" " tag="653">
      <marc:subfield code="a">Schulklasse</marc:subfield>
   </marc:datafield>
   <marc:datafield ind1=" " ind2=" " tag="653">
      <marc:subfield code="a">Erstlesealter, Vorschulalter</marc:subfield>
   </marc:datafield>
   <marc:datafield ind1="0" ind2="0" tag="245">
      <marc:subfield code="a">Der Witze-König</marc:subfield>
   </marc:datafield>
   <marc:datafield ind1=" " ind2="1" tag="264">
      <marc:subfield code="b">Carlsen</marc:subfield>
      <marc:subfield code="c">25</marc:subfield>
   </marc:datafield>
   <marc:datafield ind1="1" ind2=" " tag="490">
      <marc:subfield code="a">Die unlangweiligste Schule der Welt / Einfach Lesen Lernen</marc:subfield>
   </marc:datafield>
   <marc:datafield ind1="1" ind2=" " tag="520">
      <marc:subfield code="a">Die unlangweiligste Schule der Welt – jetzt auch zum Lesenlernen!
Die Schule von Maxe und Frieda ist wirklich zum Einschlafen: über 777 Schulregeln und achtmal täglich Mathe. Ein Fall für Rumpus – Inspektor für Langeweile-Bekämpfung!
Inspektor Rumpus ist wieder da! Und er hat einen neuen Auftrag für die Kinder: Maxe und seine Freunde sollen beweisen, dass ihr Direktor mal Witze-König war! Was, ihr Direktor? Der immer guckt wie eine saure Gurke? Das kann sich Maxe kaum vorstellen! Eine abenteuerliche Suche beginnt ... 
Schulchaos + Geheimagent + viele bunte Bilder = Lesenlernen mit Anti-Langeweile-Garantie!</marc:subfield>
   </marc:datafield>
   <marc:datafield ind1=" " ind2=" " tag="020">
      <marc:subfield code="a">9783551690463</marc:subfield>
      <marc:subfield code="9">9783551690463</marc:subfield>
   </marc:datafield>
</marc:record>
